00789nam a2200181Ia 4500001000700000008004100007020003400048082001700082100001900099245013500118260004000253300001600293500010200309503001400411504002700425650008600452700006900538Z_6056220601s9999 xx 000 0 und d a950-555-250-5 / 0-8138-2980-1 a636.0842 D38 aDavis, Carl L. aDesarrollo, nutrición y manejo del ternero joven / Carl L. Davis; coautor James K. Drackley; traducción Verónica Leibaschoff aArgentina : Editorial Intermédica axii, 314 p. aTraducción de la obra en inglés: The development, nutrition and management of the young calf. aej.1: C/E aIncluye bibliografía a1. Ganado bovino 2. Ternero 3. Anatomía general 4. Digestión 5. Alojamiento aI. Drackley, James K., coat. II. Leibaschoff, Verónica, tr.Ì